[Event "Borovo 2nd"]
[Site "Borovo"]
[Date "2010.01.14"]
[Round "7"]
[White "Djuric, Zivorad"]
[Black "Szuhanek, Ranko"]
[Result "0-1"]
[WhiteElo "2239"]
[BlackElo "2479"]
[PlyCount "56"]
[EventDate "2010.01.11"]
[EventType "tourn"]
[EventRounds "9"]
[EventCountry "CRO"]
[EventCategory "3"]
[SourceTitle "CBM 134 Extra"]
[Source "ChessBase"]
[SourceDate "2010.03.03"]
[SourceVersion "1"]
[SourceVersionDate "2010.03.03"]
[SourceQuality "1"]

1. d4 Nf6 2. c4 e6 3. Nc3 Bb4 4. e3 0-0 5. Nge2 d5 6. a3 Be7 7. Nf4 b6 8. cxd5 exd5 9. Be2 Bb7 10. Bf3 a5 11. 0-0 Re8 12. Qc2 c6 13. Bd2 Nbd7 14. Rfb1 Bd6 15. Nce2 g5 16. Nh5 g4 17. Bxg4 Nxg4 18. Qf5 Bxh2+ 19. Kf1 Qh4 20. g3 Nh6 21. Qxd7 Qxh5 22. Qxb7 Qf3 23. Ng1 Bxg1 24. Kxg1 Ng4 25. Rf1 Kg7 26. Qc7 Re4 27. Qxc6 Re6 28. Qxe6 fxe6 0-1

[Event "Borovo 2nd"]
[Site "Borovo"]
[Date "2010.01.13"]
[Round "6"]
[White "Markovic, Lazar"]
[Black "Djuric, Zivorad"]
[Result "1-0"]
[WhiteElo "2245"]
[BlackElo "2239"]
[PlyCount "53"]
[EventDate "2010.01.11"]
[EventType "tourn"]
[EventRounds "9"]
[EventCountry "CRO"]
[EventCategory "3"]
[SourceTitle "CBM 134 Extra"]
[Source "ChessBase"]
[SourceDate "2010.03.03"]
[SourceVersion "1"]
[SourceVersionDate "2010.03.03"]
[SourceQuality "1"]

1. d4 d5 2. Nf3 Nf6 3. Bf4 c5 4. c3 Qb6 5. Qb3 Nc6 6. e3 c4 7. Qc2 Bf5 8. Qc1 e6 9. h3 h6 10. Nbd2 Rc8 11. Be2 Be7 12. Bd1 0-0 13. Bc2 Bd3 14. Bxd3 cxd3 15. 0-0 Ne4 16. Ne1 Na5 17. Nxd3 Qa6 18. Ne5 g5 19. Bh2 f6 20. Ng6 Rf7 21. Nxe7+ Rxe7 22. f3 Nd6 23. Qc2 Kg7 24. e4 Ndc4 25. Rfe1 Qc6 26. Nf1 b5 27. exd5 1-0